| 000 | 01295nam0a22002891 4500 | ||
|---|---|---|---|
| 001 | rc\3637257 | ||
| 005 | 20260407111325.0 | ||
| 021 |
_aRU _b74-30208 |
||
| 021 |
_aRU _bРг5225-74 |
||
| 035 | _a(NLR Aleph) 007726779 | ||
| 090 |
_a7011574 _c7011574 |
||
| 100 | _a20130115d1974 |||y0rusy50 ca | ||
| 101 | 0 | _arus | |
| 102 | _aRU | ||
| 105 | _ay c ||||| | ||
| 200 | 1 |
_aМетодические указания по вегетативному размножению трудноукореняемых гибридов тополя белого с осиной _fМЛХ УССР. Укр. науч.-исслед. ин-т лесного хоз-ва и агролесомелиорации им. Г.Н. Высоцкого |
|
| 210 |
_aХарьков _cБ. и. _d1974 |
||
| 215 |
_a7 с. _d20 |
||
| 300 | _aНа обороте тит. л. сост.: Л.В. Черняк и Н.В. Старова | ||
| 702 | 1 |
_aСтарова _bН.В. _4220 |
|
| 702 | 1 |
_aЧерняк _bЛ.В. _4220 |
|
| 712 | 0 | 2 |
_aУкраинский НИИ лесного хозяйства и агролесомелиорации им. Г. Н. Высоцкого _cХарьков _3RU\NLR\AUTH\8810063284 _9628170 |
| 801 | 0 |
_aRU _bNLR _gpsbo |
|
| 801 | 1 |
_aRU _bELAR _2rusmarc |
|
| 852 |
_aNLR _j74-4/4529 |
||
| 942 | _cBOOK | ||
| 980 | _aNB | ||